000 00880cam a22002771 4500
001 22405
003 BD-RjUL
005 20211209000813.0
008 140308s1935 enk 000 0 eng d
035 _a(BD-RjUL)22470
035 _a(OCoLC)4825406
040 _aDLC
_cOCl
_dNN
_dBD-RjUL
_beng
041 _aeng
082 _a916.3
_bDUE 1935
100 1 _aDunckley, Fan C.
_969181
245 1 0 _aEight years in Abyssinia /
_cby Fan. C. Dunckley; with 19 illustrations.
260 _aLondon n:
_bHutchinson & Co., Ltd.,
_c1935.
300 _a228 p. :
_bfront., plates, ports. ;
_c22 cm.
500 _aMap on lining-papers.
600 0 0 _aHaile Selassie
_cEmperor of Ethiopia,
_d1892-1975.
_969186
650 _aEthiopia Description and travel
_969183
651 0 _aEthiopia
_xDescription and travel.
_969184
942 _2ddc
_cBK
999 _c22405
_d22405